Integrated Chinese Level 4 中国的节日 (Lesson 11) Vocab - Statistics

General Stats
  • This quiz has been taken 33 times
  • The average score is 12 of 33
Answer Stats
Hint 词汇 % Correct
environment, surrondings 环境
80%
alcohol, liquor
80%
successfull, to succeed 成功
80%
paternal uncle 舅舅
60%
strange, weird 奇怪
60%
meaning 意思
60%
to drink a toast 干杯
60%
to waste, wasteful 浪费
60%
moon cake 月饼
60%
holiday, festival 节日
40%
paternal aunt 舅妈
40%
Chinese New Year's Eve 除夕
40%
wall
40%
blessing, good fortune
40%
to turn upside down
40%
to lift, to raise
40%
smooth, successfull 顺利
40%
tradition, traditional 传统
40%
sticky rice dumpling wrapped in bamboo leaves 粽子
40%
first month of the lunar year 正月
40%
residential development 小区
20%
to glue
20%
to replace, substitute
20%
to make progress 进步
20%
evening gathering 晚会
20%
traditional Chinese lunar calendar 农历
20%
first, early part of
20%
to reunite (as a family) 团圆
20%
night of the fifteenth of the first lunar month, sweet dumplings made of sticky rice flour 元宵
20%
Chinese New Year's Eve Dinner 年夜饭
0%
with
0%
to leave a surplus, leftover 剩/剩下
0%
surplus
0%
No matching quizzes found
Score Distribution
Percent of People with Each Score
Percentile by Number Answered
Your Score History
You have not taken this quiz